<?xml version="1.0" encoding="UTF-8"?>
<record
    xmlns:xsi="http://www.w3.org/2001/XMLSchema-instance"
    xsi:schemaLocation="http://www.loc.gov/MARC21/slim http://www.loc.gov/standards/marcxml/schema/MARC21slim.xsd"
    xmlns="http://www.loc.gov/MARC21/slim">

  <leader>00772naa a2200193   4500</leader>
  <controlfield tag="005">2011033109499.0</controlfield>
  <datafield tag="010" ind1=" " ind2=" ">
    <subfield code="a">G-001531</subfield>
  </datafield>
  <datafield tag="020" ind1=" " ind2=" ">
    <subfield code="c">190.00</subfield>
    <subfield code="a">8172746547</subfield>
  </datafield>
  <datafield tag="035" ind1=" " ind2=" ">
    <subfield code="a">G-001531</subfield>
  </datafield>
  <datafield tag="037" ind1=" " ind2=" ">
    <subfield code="b">gift</subfield>
  </datafield>
  <datafield tag="082" ind1=" " ind2=" ">
    <subfield code="a">336.240954</subfield>
  </datafield>
  <datafield tag="245" ind1=" " ind2=" ">
    <subfield code="a">Nabhi's income tax guidelines and mini ready reckoner alongwith wealth tax 2008-09, 2009-10 / </subfield>
  </datafield>
  <datafield tag="250" ind1=" " ind2=" ">
    <subfield code="a">37th rev. ed</subfield>
  </datafield>
  <datafield tag="260" ind1=" " ind2=" ">
    <subfield code="a">New Delhi</subfield>
    <subfield code="b">Nabhi Publications</subfield>
    <subfield code="c">2008(repr.). </subfield>
  </datafield>
  <datafield tag="270" ind1=" " ind2=" ">
    <subfield code="a">P.O. Box No. 37,</subfield>
    <subfield code="b">New Delhi</subfield>
    <subfield code="e">110001</subfield>
  </datafield>
  <datafield tag="300" ind1=" " ind2=" ">
    <subfield code="a">liii, 550p. </subfield>
    <subfield code="c">23cm(pbk)</subfield>
  </datafield>
  <datafield tag="942" ind1=" " ind2=" ">
    <subfield code="a">dpl</subfield>
    <subfield code="c">EN</subfield>
    <subfield code="2">ddc</subfield>
    <subfield code="m">NAB</subfield>
    <subfield code="h">336.240954</subfield>
  </datafield>
  <datafield tag="999" ind1=" " ind2=" ">
    <subfield code="c">57009</subfield>
    <subfield code="d">57009</subfield>
  </datafield>
  <datafield tag="952" ind1=" " ind2=" ">
    <subfield code="0">0</subfield>
    <subfield code="1">0</subfield>
    <subfield code="4">0</subfield>
    <subfield code="7">0</subfield>
    <subfield code="8">NFIC</subfield>
    <subfield code="a">JP</subfield>
    <subfield code="b">JP</subfield>
    <subfield code="d">2011-09-26</subfield>
    <subfield code="e">gift</subfield>
    <subfield code="g">190.00</subfield>
    <subfield code="l">21</subfield>
    <subfield code="m">4</subfield>
    <subfield code="o">336.240954 NAB</subfield>
    <subfield code="p">G-001531</subfield>
    <subfield code="r">2024-12-23 00:00:00</subfield>
    <subfield code="s">2024-12-04</subfield>
    <subfield code="t">1</subfield>
    <subfield code="v">190.00</subfield>
    <subfield code="w">2011-09-26</subfield>
    <subfield code="y">EN</subfield>
  </datafield>
</record>
